Statistics for Countries with more than 10 letters

Click here to take the quiz!

General Stats

  • This quiz has been taken 305 times
    (282 since last reset)
  • The average score is 15 of 29

Answer Stats

ContinentCountry% Correct
North AmericaUnited States
76%
EuropeUnited Kingdom
73%
AfricaDemocratic Republic of the Congo
71%
North AmericaSaint Kitts and Nevis
63%
AsiaUnited Arab Emirates
63%
North AmericaDominican Republic
61%
North AmericaSaint Vincent and the Grenadines
61%
Australia(Oceania)Papua New Guinea
58%
Australia(Oceania)Marshall Islands
57%
Australia(Oceania)Solomon Islands
56%
North AmericaTrinidad and Tobago
56%
AsiaAfghanistan
55%
AsiaSaudi Arabia
55%
AfricaSouth Africa
55%
AsiaTurkmenistan
55%
North AmericaAntigua and Barbuda
54%
EuropeLiechtenstein
51%
AfricaCentral African Republic
48%
AsiaPhilippines
48%
EuropeBosnia and Herzegovina
45%
AfricaSao Tome and Principe
40%
EuropeCzech Republic
39%
EuropeSwitzerland
38%
EuropeVatican City
37%
AfricaEquatorial Guinea
35%
AfricaGuinea Bissau
33%
EuropeNetherlands
33%
AfricaBurkina Faso
27%
AfricaSierra Leone
21%

Score Distribution

Percentile by Number Answered

Percent of People with Each Score

Your Score History

You have not taken this quiz since the last reset